| 000 | 00353nam a2200133Ia 4500 | ||
|---|---|---|---|
| 005 | 20251222143200.0 | ||
| 008 | 251222s9999||||xx |||||||||||||| ||spa|| | ||
| 020 | _a978-9972-57-263-0 | ||
| 082 | _a516.3/S58 | ||
| 100 | _aSiu Koochoy, Ricardo | ||
| 245 | 0 | _aGeometría Analítica en Dos Dimensiones | |
| 264 | _bUniversidad del Pacífico | ||
| 942 | _cLIB | ||
| 999 |
_c13018 _d13018 |
||